00465 a2200145 4500010002300000020006200023020002600085035004400111037000800155082000800163245004000171260002600211270005300237300002900290 aB-285046, B-215243 a8171679641c395.00  a9788171679645c395.00 aB-285046, B-215251, B-215237, B-215253 bUBH a888 aA hundred encounters /cby Sham Lal aNew DelhibRupac2007 a7/16, Ansari Road, Darya GanjbNew Delhie110017 axiii, 535p.c20cm. (pbk)